[Event "FIDE World Cup (Women)"]
[Site "Baku"]
[Date "2023.07.31"]
[Round "1.2"]
[White "Salimova, Nurgyul"]
[Black "Van Zyl, Charlize"]
[Result "1-0"]
[WhiteElo "2409"]
[BlackElo "1839"]
[PlyCount "103"]
[EventDate "2023.07.30"]
[EventType "k.o."]
[EventRounds "7"]
[EventCountry "AZE"]
[SourceTitle "EXT 2024"]
[Source "ChessBase"]
[SourceDate "2023.10.10"]
[SourceVersion "1"]
[SourceVersionDate "2023.10.10"]
[SourceQuality "1"]

1. d4 Nf6 2. Nf3 e6 3. c4 d5 4. Nc3 a6 5. cxd5 exd5 6. Bg5 Be6 7. e3 c6 8. Bd3 Nbd7 9. Qc2 Bd6 10. 0-0 Qc7 11. Rfe1 0-0 12. Bh4 Bg4 13. Bg3 Rfe8 14. Nh4 Bxg3 15. hxg3 g6 16. Nf3 Rac8 17. Rac1 c5 18. dxc5 Bxf3 19. gxf3 Ne5 20. Be2 Qxc5 21. f4 Neg4 22. Bxg4 Nxg4 23. Qd1 Nf6 24. Qd3 Qb4 25. Re2 Qc4 26. Rd1 Ne4 27. Nxd5 Qxa2 28. Kg2 Re6 29. f3 Nc5 30. Qd4 Nd7 31. Nc3 Rxc3 32. Qxc3 Rc6 33. Qd4 Nf6 34. g4 Qe6 35. Qe5 Rc8 36. Red2 Kf8 37. Rd8+ Rxd8 38. Rxd8+ Ke7 39. Rb8 Qxe5 40. fxe5 Nd5 41. Rxb7+ Ke6 42. f4 Nxe3+ 43. Kf3 Nd5 44. Ke4 f5+ 45. gxf5+ gxf5+ 46. Kf3 h5 47. Rh7 a5 48. Rh6+ Ke7 49. Rxh5 a4 50. Rxf5 Nb6 51. Rh5 Nc4 52. Rh2 1-0

[Event "FIDE World Cup (Women)"]
[Site "Baku"]
[Date "2023.07.30"]
[Round "1.1"]
[White "Van Zyl, Charlize"]
[Black "Salimova, Nurgyul"]
[Result "0-1"]
[WhiteElo "1839"]
[BlackElo "2409"]
[PlyCount "84"]
[EventDate "2023.07.30"]
[EventType "k.o."]
[EventRounds "7"]
[EventCountry "AZE"]
[SourceTitle "EXT 2024"]
[Source "ChessBase"]
[SourceDate "2023.10.10"]
[SourceVersion "1"]
[SourceVersionDate "2023.10.10"]
[SourceQuality "1"]

1. d4 Nf6 2. Nf3 d5 3. c4 e6 4. g3 dxc4 5. Bg2 Nc6 6. 0-0 Rb8 7. b3 cxb3 8. Qxb3 Be7 9. Rd1 0-0 10. Nc3 a5 11. Nb5 Bd7 12. Ne5 Nb4 13. a4 Be8 14. e4 c6 15. Nc3 Ra8 16. Be3 Nd7 17. Rac1 Nxe5 18. dxe5 Qb8 19. f4 c5 20. Bf1 Bc6 21. Bb5 Rd8 22. Qc4 Rxd1+ 23. Rxd1 Qc7 24. Bxc6 bxc6 25. Bxc5 Rd8 26. Rxd8+ Qxd8 27. Bxe7 Qxe7 28. Qd4 g6 29. Kf2 Nc2 30. Qb6 Qd7 31. Qb8+ Kg7 32. Qd6 Qa7+ 33. Kf1 Ne3+ 34. Ke2 Ng4 35. Qd2 Qg1 36. Kd3 Nxh2 37. Qe3 Qg2 38. f5 exf5 39. e6 fxe6 40. Qd4+ Kh6 41. Qe3+ Kh5 42. Ne2 Qf3 0-1

[Event "Olympiad Women-44"]
[Site "Chennai"]
[Date "2022.08.07"]
[Round "9.1"]
[White "Van Zyl, Charlize"]
[Black "Pipiras, Filipa Fortuna"]
[Result "0-1"]
[WhiteElo "1704"]
[BlackElo "2139"]
[PlyCount "56"]
[EventDate "2022.07.29"]
[EventType "team-swiss"]
[EventRounds "11"]
[EventCountry "IND"]
[SourceTitle "CBM 210"]
[Source "ChessBase"]
[SourceDate "2022.10.31"]
[SourceVersion "1"]
[SourceVersionDate "2022.10.31"]
[SourceQuality "1"]
[WhiteTeam "South Africa (W)"]
[BlackTeam "Portugal (W)"]
[WhiteTeamCountry "RSA"]
[BlackTeamCountry "POR"]

1. d4 d5 2. Bf4 c5 3. e3 Nc6 4. c3 Qb6 5. Qb3 c4 6. Qc2 e5 7. dxe5 Bf5 8. Qc1 g5 9. Bxg5 Nxe5 10. Nd2 Bd3 11. Ne2 Ne7 12. Nf3 f6 13. Nxe5 fxe5 14. Ng3 Bxf1 15. Rxf1 Ng6 16. e4 h6 17. Bd2 Nh4 18. Qc2 Nxg2+ 19. Kd1 0-0-0 20. exd5 Rxd5 21. Qf5+ Kb8 22. Kc2 Ba3 23. Rab1 Qd8 24. Ne4 Be7 25. Rfd1 Qa5 26. Qf7 Bg5 27. Bxg5 Qa4+ 28. b3 Qxa2+ 0-1

[Event "RSA-ch (Women)"]
[Site "Cape Town"]
[Date "2022.05.09"]
[Round "2"]
[White "February, Jesse Nikki"]
[Black "Van Zyl, Charlize"]
[Result "1/2-1/2"]
[WhiteElo "1890"]
[BlackElo "1682"]
[PlyCount "100"]
[EventDate "2022.05.08"]
[EventType "tourn"]
[EventRounds "7"]
[EventCountry "RSA"]
[SourceTitle "CBM 208 Extra"]
[Source "ChessBase"]
[SourceDate "2022.07.31"]
[SourceVersion "1"]
[SourceVersionDate "2022.07.31"]
[SourceQuality "1"]

1. e4 e5 2. Nf3 Nc6 3. d4 exd4 4. Bc4 Bc5 5. c3 Nf6 6. cxd4 Bb4+ 7. Bd2 Nxe4 8. Bxb4 Nxb4 9. Bxf7+ Kxf7 10. Qb3+ Kf8 11. Qxb4+ Qe7 12. Qxe7+ Kxe7 13. 0-0 Kd8 14. Re1 Nf6 15. Nc3 d6 16. Ng5 Rf8 17. f3 h6 18. Nge4 Bf5 19. Rac1 Rc8 20. Nb5 a6 21. Nbc3 Kd7 22. Re3 Bg6 23. Nxf6+ Rxf6 24. Nd5 Rf7 25. Rce1 Rcf8 26. Kf2 Kd8 27. g3 Bf5 28. Kg2 Bd7 29. h4 Re8 30. Rxe8+ Bxe8 31. Nf4 Re7 32. Re4 Bf7 33. a3 Rxe4 34. fxe4 c5 35. dxc5 dxc5 36. Kf3 Ke7 37. Nd3 Kd6 38. Kf4 Bc4 39. Ne5 Be6 40. Ng6 b5 41. e5+ Kd7 42. Ke4 a5 43. Nf4 a4 44. Nd5 Kc6 45. Ne7+ Kd7 46. Nd5 Kc6 47. Ne7+ Kd7 48. Nd5 b4 49. Nb6+ Kc6 50. Nxa4 Kb5 1/2-1/2

[Event "RSA-ch (Women)"]
[Site "Cape Town"]
[Date "2022.05.08"]
[Round "1"]
[White "Van Zyl, Charlize"]
[Black "Selkirk, Rebecca"]
[Result "1-0"]
[WhiteElo "1682"]
[BlackElo "1781"]
[PlyCount "86"]
[EventDate "2022.05.08"]
[EventType "tourn"]
[EventRounds "7"]
[EventCountry "RSA"]
[SourceTitle "CBM 208 Extra"]
[Source "ChessBase"]
[SourceDate "2022.07.31"]
[SourceVersion "1"]
[SourceVersionDate "2022.07.31"]
[SourceQuality "1"]

1. d4 d5 2. c4 c6 3. cxd5 cxd5 4. Bf4 Nf6 5. e3 Nc6 6. Nc3 a6 7. Be2 e6 8. Nf3 Bd6 9. 0-0 Bxf4 10. exf4 Qc7 11. Ne5 Qb6 12. Nxc6 bxc6 13. Na4 Qc7 14. g3 Ne4 15. Rc1 0-0 16. Nc5 Qa5 17. a3 Rb8 18. Nxe4 dxe4 19. Rc5 Qb6 20. b4 Rd8 21. Qc2 Rxd4 22. Rxc6 Qd8 23. Bxa6 Bxa6 24. Rxa6 Qd5 25. Qc7 Rf8 26. Qc6 Qb3 27. Ra8 Rdd8 28. Rxd8 Rxd8 29. Qxe4 Qxa3 30. Rb1 Qa4 31. Qc4 g6 32. Qc5 Rd5 33. Qc8+ Kg7 34. Qc3+ Kf8 35. Ra1 Rd1+ 36. Rxd1 Qxd1+ 37. Kg2 Qd5+ 38. Qf3 Qc4 39. Qb7 Ke8 40. b5 Kd8 41. b6 Qc8 42. Qxc8+ Kxc8 43. Kf3 Kb7 1-0

[Event "Women's Day Play Magnus"]
[Site "chess24.com INT"]
[Date "2021.03.07"]
[Round "5.3"]
[White "Jeremias, Bianca"]
[Black "Van Zyl, Charlize"]
[Result "1-0"]
[WhiteElo "1941"]
[BlackElo "1686"]
[PlyCount "89"]
[EventDate "2021.03.07"]
[EventType "team-tourn (blitz)"]
[EventRounds "7"]
[EventCountry "GER"]
[SourceTitle "CBM 201 Extra"]
[Source "ChessBase"]
[SourceDate "2021.05.31"]
[SourceVersion "1"]
[SourceVersionDate "2021.05.31"]
[SourceQuality "1"]
[WhiteTeam "Chessable #2"]
[BlackTeam "Chessable #1"]
[WhiteTeamCountry "FRA"]
[BlackTeamCountry "ROU"]

1. e4 c6 2. Nf3 d5 3. exd5 cxd5 4. Ne5 Qc7 5. d4 Nc6 6. Bf4 Nxe5 7. Bxe5 Qa5+ 8. c3 Nf6 9. Bd3 Qb6 10. Qc2 h6 11. 0-0 Nd7 12. Bg3 e6 13. Nd2 Bd6 14. Nf3 0-0 15. Ne5 Nxe5 16. dxe5 Bc7 17. Kh1 f6 18. exf6 Rxf6 19. Bh4 g5 20. Bg3 Bd7 21. Rae1 Bxg3 22. fxg3 Raf8 23. Rxf6 Rxf6 24. Rf1 Rxf1+ 25. Bxf1 Kg7 26. Bd3 Qe3 27. h3 e5 28. Qe2 Qc1+ 29. Kh2 e4 30. Bb5 Be6 31. Ba4 a6 32. Bb3 b5 33. Qf2 Kg6 34. Qd4 Qxb2 35. Qe5 Bf7 36. Bxd5 Bxd5 37. Qxd5 Qxc3 38. Qe6+ Kg7 39. Qxa6 e3 40. Qb7+ Kg6 41. Qxb5 Kg7 42. Qd7+ Kg6 43. Qe6+ Kg7 44. Qe7+ Kg6 45. a4 1-0

[Event "Women's Day Play Magnus"]
[Site "chess24.com INT"]
[Date "2021.03.07"]
[Round "4.1"]
[White "Van Zyl, Charlize"]
[Black "Destic, Elena"]
[Result "1-0"]
[WhiteElo "1686"]
[BlackElo "1715"]
[PlyCount "49"]
[EventDate "2021.03.07"]
[EventType "team-tourn (blitz)"]
[EventRounds "7"]
[EventCountry "GER"]
[SourceTitle "CBM 201 Extra"]
[Source "ChessBase"]
[SourceDate "2021.05.31"]
[SourceVersion "1"]
[SourceVersionDate "2021.05.31"]
[SourceQuality "1"]
[WhiteTeam "Chessable #1"]
[BlackTeam "France chess24"]
[WhiteTeamCountry "ROU"]
[BlackTeamCountry "FRA"]

1. d4 Nf6 2. Bf4 e6 3. e3 c5 4. c3 d5 5. Nf3 Nc6 6. Nbd2 Bd6 7. Bg3 0-0 8. Bd3 b6 9. e4 dxe4 10. Nxe4 Nxe4 11. Bxe4 Bb7 12. dxc5 Bxc5 13. 0-0 Qxd1 14. Rfxd1 Rfd8 15. h3 Rac8 16. Ne5 Be7 17. Nxc6 Bxc6 18. Bxc6 Rxc6 19. Rxd8+ Bxd8 20. Rd1 Rc8 21. Rd7 a5 22. Rb7 Kf8 23. f3 Rc5 24. Bd6+ Ke8 25. Bxc5 1-0

[Event "Online Olym Div Top-B"]
[Site "Chess.com INT"]
[Date "2020.08.21"]
[Round "3.3"]
[White "Van Zyl, Charlize"]
[Black "Mamedjarova, Turkan"]
[Result "1/2-1/2"]
[WhiteElo "1697"]
[BlackElo "2310"]
[PlyCount "77"]
[EventDate "2020.08.21"]
[EventType "team-tourn (rapid)"]
[EventRounds "9"]
[EventCountry "USA"]
[SourceTitle "CBM 198"]
[Source "ChessBase"]
[SourceDate "2020.10.31"]
[SourceVersion "1"]
[SourceVersionDate "2020.10.31"]
[SourceQuality "1"]
[WhiteTeam "South Africa"]
[BlackTeam "Azerbaijan"]
[WhiteTeamCountry "RSA"]
[BlackTeamCountry "AZE"]

1. d4 d5 2. Bf4 Nf6 3. e3 e6 4. Nd2 Bd6 5. Bg3 0-0 6. Ngf3 c5 7. c3 Nc6 8. Bd3 b6 9. e4 dxe4 10. Nxe4 Nxe4 11. Bxe4 Bb7 12. dxc5 Bxc5 13. Qa4 Rc8 14. Rd1 Qe7 15. b4 f5 16. Bc2 Nxb4 17. cxb4 Bxb4+ 18. Kf1 Bxf3 19. gxf3 f4 20. Kg2 fxg3 21. hxg3 h6 22. Rd7 Qf6 23. Be4 a5 24. Qb5 Bc5 25. Qd3 Rcd8 26. Rd1 Rxd7 27. Qxd7 Qe5 28. Qc6 Kh8 29. Rd7 Qb2 30. Qxe6 Qxf2+ 31. Kh3 Qf1+ 32. Kg4 h5+ 33. Kxh5 Qh1+ 34. Kg4 Bb4 35. Qg6 Bc3 36. Qd6 Bb4 37. Qg6 Bc3 38. Qd6 Bb4 39. Qg6 1/2-1/2

[Event "RSA-ch (Women)"]
[Site "Cape Town"]
[Date "2019.12.13"]
[Round "7"]
[White "Van Zyl, Charlize"]
[Black "February, Jesse Nikki"]
[Result "1-0"]
[WhiteElo "1677"]
[BlackElo "1897"]
[PlyCount "35"]
[EventDate "2019.12.07"]
[EventType "tourn"]
[EventRounds "11"]
[EventCountry "RSA"]
[SourceTitle "CBM 193 Extra"]
[Source "ChessBase"]
[SourceDate "2020.01.31"]
[SourceVersion "1"]
[SourceVersionDate "2020.01.31"]
[SourceQuality "1"]

1. d4 Nf6 2. Bf4 e6 3. e3 d5 4. Nd2 c5 5. c3 Nc6 6. Ngf3 Bd6 7. Bg3 0-0 8. Bd3 b6 9. e4 Be7 10. e5 Nd7 11. h4 f6 12. Bxh7+ Kxh7 13. Ng5+ fxg5 14. hxg5+ Kg8 15. Rh8+ Kxh8 16. Qh5+ Kg8 17. g6 Nf6 18. exf6 1-0

[Event "Olympiad Women-43"]
[Site "Batumi"]
[Date "2018.09.27"]
[Round "4.35"]
[White "Abrorova, Sabrina"]
[Black "Van Zyl, Charlize"]
[Result "1/2-1/2"]
[WhiteElo "1685"]
[BlackElo "1664"]
[PlyCount "76"]
[EventDate "2018.09.24"]
[EventType "team-swiss"]
[EventRounds "11"]
[EventCountry "GEO"]
[SourceTitle "EXT 2020"]
[Source "ChessBase"]
[SourceDate "2019.10.17"]
[SourceVersion "1"]
[SourceVersionDate "2019.10.17"]
[SourceQuality "1"]
[WhiteTeam "Tajikistan (W)"]
[BlackTeam "South Africa (W)"]
[WhiteTeamCountry "TJK"]
[BlackTeamCountry "RSA"]

1. d4 d5 2. c4 e6 3. Nf3 Be7 4. Nc3 Nf6 5. Bg5 h6 6. Bh4 0-0 7. e3 Ne4 8. Bxe7 Qxe7 9. Qc2 Nxc3 10. Qxc3 dxc4 11. Bxc4 c5 12. Qa3 b6 13. dxc5 Qxc5 14. Qxc5 bxc5 15. Rc1 Ba6 16. Ne5 Rd8 17. Ke2 Rd5 18. Nd3 Bxc4 19. Rxc4 Na6 20. Nf4 Rd6 21. Rd1 Rxd1 22. Kxd1 Rd8+ 23. Ke2 e5 24. Nd3 f6 25. b3 Rd5 26. f3 Kf7 27. Rc1 Ke6 28. e4 Rd6 29. Nxc5+ Nxc5 30. Rxc5 Ra6 31. Rc2 f5 32. exf5+ Kxf5 33. Ke3 h5 34. b4 Ra4 35. Rb2 Ra3+ 36. Kf2 g5 37. Rc2 Ra4 38. Rb2 Ra3 1/2-1/2

[Event "Bloemfontein-ch op"]
[Site "Bloemfontein"]
[Date "2018.07.08"]
[Round "2"]
[White "Van Zyl, Charlize"]
[Black "Chueu, Calvin"]
[Result "1-0"]
[WhiteElo "1640"]
[BlackElo "1602"]
[PlyCount "123"]
[EventDate "2018.07.07"]
[EventType "swiss"]
[EventRounds "11"]
[EventCountry "RSA"]
[SourceTitle "EXT 2019"]
[Source "ChessBase"]
[SourceDate "2018.10.10"]
[SourceVersion "1"]
[SourceVersionDate "2018.10.10"]
[SourceQuality "1"]

1. d4 f5 2. Nc3 d5 3. Bg5 h6 4. Bh4 Nf6 5. Bxf6 exf6 6. e3 Bb4 7. Qh5+ Ke7 8. Qg6 Bxc3+ 9. bxc3 Qf8 10. Nf3 Qf7 11. Nh4 f4 12. Qxf7+ Kxf7 13. exf4 Re8+ 14. Kd2 Nc6 15. Bd3 Kg8 16. Rhe1 Bd7 17. Bg6 Red8 18. Nf5 Be8 19. Bxe8 Rxe8 20. Rab1 b6 21. Re3 Rxe3 22. Nxe3 Ne7 23. Re1 Kf7 24. f5 Rd8 25. g4 Rd7 26. Ng2 Nc6 27. Nf4 Na5 28. Ne6 Nc4+ 29. Kc1 Nd6 30. f3 Nc4 31. h4 Nd6 32. Nf4 Nc4 33. Re6 Na5 34. g5 hxg5 35. hxg5 fxg5 36. Nh3 Nc4 37. Nxg5+ Kf8 38. Rc6 Nd6 39. Rxc7 Rxc7 40. Ne6+ Kf7 41. Nxc7 Nxf5 42. Nxd5 Ke6 43. Nf4+ Kd6 44. Kd2 Nh4 45. Ke3 Nf5+ 46. Kf2 Kc6 47. Ke2 Kb5 48. Kd3 Ka4 49. Ne2 Ka3 50. c4 Kxa2 51. c5 bxc5 52. dxc5 a5 53. c6 a4 54. c7 Ne7 55. Nc3+ Ka3 56. Kc4 Kb2 57. Nxa4+ Kxc2 58. Nb6 Kd2 59. Kc5 Ke3 60. Kd6 Nf5+ 61. Ke5 Ne7 62. Ke6 1-0

[Event "Kinross USSA (Women) op"]
[Site "Kinross"]
[Date "2018.07.02"]
[Round "1"]
[White "Maimane, Yvonne"]
[Black "Van Zyl, Charlize"]
[Result "0-1"]
[WhiteElo "743"]
[BlackElo "1683"]
[PlyCount "88"]
[EventDate "2018.07.02"]
[EventType "swiss"]
[EventRounds "9"]
[EventCountry "RSA"]
[SourceTitle "CBM 185 Extra"]
[Source "ChessBase"]
[SourceDate "2018.07.29"]
[SourceVersion "1"]
[SourceVersionDate "2018.07.29"]
[SourceQuality "1"]

1. d4 Nf6 2. Bf4 g6 3. e3 Bg7 4. Bd3 c5 5. c3 cxd4 6. exd4 0-0 7. Nf3 d6 8. 0-0 Nc6 9. Nbd2 Rb8 10. Qe2 Re8 11. h3 a6 12. c4 Nh5 13. Bh2 Nxd4 14. Nxd4 Bxd4 15. Rab1 Bg7 16. c5 e5 17. cxd6 Qxd6 18. Nc4 Qd4 19. Rfe1 Nf4 20. Bxf4 Qxf4 21. g3 Qf6 22. f4 Bxh3 23. fxe5 Qg5 24. Kh2 Bg4 25. Qe3 Qxe3 26. Rxe3 b5 27. Nd6 Rxe5 28. Re4 Rxe4 29. Bxe4 Rd8 30. Nb7 Rd2+ 31. Kg1 Bxb2 32. Re1 Bd4+ 33. Kh1 Rxa2 34. Nd6 Be6 35. g4 b4 36. Rf1 b3 37. Bb1 Rb2 38. Be4 Rd2 39. Ne8 Bxg4 40. Bd5 Be6 41. Bxe6 fxe6 42. Rb1 b2 43. Nd6 Rc2 44. Ne4 Rc1+ 0-1

[Event "Pretoria Capablanca C"]
[Site "Pretoria"]
[Date "2018.04.30"]
[Round "8"]
[White "Oberholzer, Imarie"]
[Black "Van Zyl, Charlize"]
[Result "0-1"]
[WhiteElo "1562"]
[BlackElo "1645"]
[PlyCount "66"]
[EventDate "2018.04.26"]
[EventType "tourn"]
[EventRounds "9"]
[EventCountry "RSA"]
[SourceTitle "CBM 184 Extra"]
[Source "ChessBase"]
[SourceDate "2018.06.28"]
[SourceVersion "1"]
[SourceVersionDate "2018.06.28"]
[SourceQuality "1"]

1. e4 c6 2. Nc3 d5 3. exd5 cxd5 4. d4 Nf6 5. Nf3 Bg4 6. Be2 Nc6 7. 0-0 e6 8. Bf4 a6 9. Ne5 Bxe2 10. Nxc6 bxc6 11. Nxe2 Be7 12. c3 0-0 13. Ng3 c5 14. Be3 Qb6 15. Qe2 c4 16. Bf4 Bd6 17. Bxd6 Qxd6 18. h3 Rab8 19. Rab1 a5 20. Qc2 a4 21. a3 Rb3 22. Rfe1 Rfb8 23. Nf1 Qb6 24. Re2 Ne4 25. Nd2 Nxc3 26. Nxb3 Nxe2+ 27. Qxe2 Qxb3 28. Qd1 Qxd1+ 29. Rxd1 Rxb2 30. Kf1 Ra2 31. Rb1 g6 32. Rb8+ Kg7 33. Ra8 Rxa3 0-1